[Event "China ch 2009"]
[Site "Xinghua Jiangsu CHN"]
[Date "2009.06.05"]
[Round "10.2"]
[White "Ji, Dan"]
[Black "Zhou, Jianchao"]
[Result "1/2-1/2"]
[WhiteElo "2342"]
[BlackElo "2635"]
[PlyCount "104"]
[EventDate "2009.05.26"]
[EventType "tourn"]
[EventRounds "11"]
[EventCountry "CHN"]
[EventCategory "14"]
[Source "lmi"]
[SourceDate "2009.05.25"]

1. e4 c5 2. Nf3 d6 3. d4 cxd4 4. Nxd4 Nf6 5. f3 e5 6. Bb5+ Bd7 7. Bxd7+ Nbxd7
8. Nf5 d5 9. exd5 Nb6 10. d6 g6 11. Qe2 Nbd7 12. Ng3 Qb6 13. Nd2 Rc8 14. c3
Qxd6 15. f4 Be7 16. Nc4 Qe6 17. Nxe5 Nxe5 18. Qxe5 Qxe5+ 19. fxe5 Ng4 20. e6
O-O 21. h3 Ne5 22. O-O fxe6 23. Be3 Nc4 24. Rxf8+ Rxf8 25. Bf2 Nxb2 26. Rb1 Nd3
27. Bxa7 Ra8 28. Be3 Rxa2 29. Rxb7 Bd6 30. Nf1 Nf4 31. Bxf4 Bxf4 32. Rb4 Bd6
33. Re4 Kf7 34. Ne3 Bg3 35. Nf1 Ra1 36. Re3 Be1 37. Kh2 Rc1 38. Ng3 h5 39. Ne2
Ra1 40. g3 Ra2 41. Kg1 Bd2 42. Rd3 e5 43. Kf2 Ke6 44. Kf3 Bg5 45. Rd1 e4+ 46.
Kf2 Bd2 47. Rb1 Bxc3 48. Ke3 Be5 49. g4 hxg4 50. hxg4 Ra4 51. Nf4+ Bxf4+ 52.
Kxf4 e3+ 1/2-1/2

[Event "China ch 2009"]
[Site "Xinghua Jiangsu CHN"]
[Date "2009.06.05"]
[Round "10.5"]
[White "Zhang, Pengxiang"]
[Black "Zhou, Weiqi"]
[Result "1/2-1/2"]
[WhiteElo "2638"]
[BlackElo "2563"]
[PlyCount "56"]
[EventDate "2009.05.26"]
[EventType "tourn"]
[EventRounds "11"]
[EventCountry "CHN"]
[EventCategory "14"]
[Source "lmi"]
[SourceDate "2009.05.25"]

1. d4 d5 2. c4 c6 3. cxd5 cxd5 4. Nc3 Nc6 5. Nf3 Nf6 6. Bf4 Bf5 7. e3 e6 8. Qb3
Bb4 9. Bb5 O-O 10. Bxc6 Bxc3+ 11. Qxc3 Rc8 12. Ne5 Ng4 13. Nxg4 Bxg4 14. Qb4
Rxc6 15. Qxb7 Qc8 16. Qxc8 Rfxc8 17. O-O f6 18. b4 a6 19. a4 Bf5 20. h3 Rb6 21.
Rfc1 Rc4 22. b5 axb5 23. axb5 Rxc1+ 24. Rxc1 Rxb5 25. Rc8+ Kf7 26. Rc7+ Kg8 27.
Rc8+ Kf7 28. Rc7+ Kg8 1/2-1/2

[Event "China ch 2009"]
[Site "Xinghua Jiangsu CHN"]
[Date "2009.06.05"]
[Round "10.6"]
[White "Ni, Hua"]
[Black "Hou, Yifan"]
[Result "1-0"]
[WhiteElo "2724"]
[BlackElo "2590"]
[PlyCount "59"]
[EventDate "2009.05.26"]
[EventType "tourn"]
[EventRounds "11"]
[EventCountry "CHN"]
[EventCategory "14"]
[Source "lmi"]
[SourceDate "2009.05.25"]

1. e4 c5 2. Nf3 d6 3. d4 Nf6 4. dxc5 Qa5+ 5. Nc3 Nxe4 6. cxd6 Nxc3 7. bxc3 exd6
8. Bd3 Be7 9. O-O Nc6 10. Re1 O-O 11. Rb1 Qc7 12. Be4 Bg4 13. Qd3 Kh8 14. Nd4
Nxd4 15. cxd4 f5 16. Rxb7 Qa5 17. Qd2 Qxd2 18. Bxd2 Bf6 19. Bd5 h6 20. c3 Rae8
21. f3 Bh5 22. Rxa7 Rxe1+ 23. Bxe1 Re8 24. Ra8 Bd8 25. Kf1 Kh7 26. Bc6 Rf8 27.
a4 Bf7 28. d5 f4 29. a5 Bg6 30. Ke2 1-0

[Event "China ch 2009"]
[Site "Xinghua Jiangsu CHN"]
[Date "2009.06.06"]
[Round "11.3"]
[White "Li, Chao B"]
[Black "Zhang, Pengxiang"]
[Result "1-0"]
[WhiteElo "2643"]
[BlackElo "2638"]
[PlyCount "95"]
[EventDate "2009.05.26"]
[EventType "tourn"]
[EventRounds "11"]
[EventCountry "CHN"]
[EventCategory "14"]
[Source "lmi"]
[SourceDate "2009.05.25"]

1. e4 c5 2. Nf3 e6 3. d4 cxd4 4. Nxd4 Nf6 5. Nc3 Nc6 6. a3 Qc7 7. Be3 a6 8. Be2
Nxd4 9. Bxd4 Bd6 10. Qd3 b5 11. Rd1 Ke7 12. g3 Bb7 13. O-O Be5 14. f4 Bxd4+ 15.
Qxd4 Rhc8 16. Bf3 Ne8 17. Kg2 d6 18. e5 Rd8 19. f5 dxe5 20. Qb4+ Rd6 21. fxe6
f6 22. Bd5 Rad8 23. Rf3 Qc8 24. Bxb7 Qxb7 25. Ne4 h5 26. Nxd6 Rxd6 27. Kf2 Qa7+
28. Ke2 Kxe6 29. Rfd3 Qc7 30. c3 Qc6 31. Qb3+ Ke7 32. Rd5 Qd7 33. Qb4 Ke6 34.
Rxd6+ Nxd6 35. Qc5 Ke7 36. Ke1 g5 37. b3 Qd8 38. c4 bxc4 39. bxc4 Qb8 40. Qc6
Qd8 41. Kf1 Qb8 42. Kg1 Ne8 43. Rd7+ Kf8 44. Qc5+ Kg8 45. Qd5+ Kh8 46. Rb7 Qc8
47. Qd7 Qc5+ 48. Kg2 1-0

[Event "China ch 2009"]
[Site "Xinghua Jiangsu CHN"]
[Date "2009.06.06"]
[Round "11.6"]
[White "Bu, Xiangzhi"]
[Black "Ji, Dan"]
[Result "1-0"]
[WhiteElo "2704"]
[BlackElo "2342"]
[PlyCount "65"]
[EventDate "2009.05.26"]
[EventType "tourn"]
[EventRounds "11"]
[EventCountry "CHN"]
[EventCategory "14"]
[Source "lmi"]
[SourceDate "2009.05.25"]

1. d4 d5 2. c4 e6 3. Nc3 Be7 4. Nf3 Nf6 5. Bg5 h6 6. Bxf6 Bxf6 7. Qb3 c6 8. e3
Nd7 9. Be2 O-O 10. O-O dxc4 11. Bxc4 b5 12. Be2 a6 13. Ne4 Be7 14. Rac1 Bb7 15.
Rfd1 Qb6 16. Qc3 Rfd8 17. Ne1 b4 18. Qc2 a5 19. b3 Nf6 20. Nxf6+ Bxf6 21. Nd3
a4 22. Qc5 Qc7 23. Qxb4 axb3 24. axb3 Ba6 25. Qc5 Rac8 26. Bf3 Bxd3 27. Rxd3
Qd6 28. Qxd6 Rxd6 29. Rdc3 e5 30. d5 Rb8 31. dxc6 e4 32. c7 Rc8 33. Bg4 1-0